La U.R.S.S y America Latina : (Record no. 1194)

000 -CABECERA
fixed length control field 00780nam a22002177a 4500
003 - IDENTIFICADOR DEL NÚMERO DE CONTROL
control field AR-CdUCM
008 - DATOS DE LONGITUD FIJA--INFORMACIÓN GENERAL
fixed length control field 190226b ||||| |||| 00| 0 spa d
040 ## - FUENTE DE LA CATALOGACIÓN
Agencia/entidad que catalogó originalmente la obra MUNICIPALIDAD PROVINCIAL DEL CUSCO
Entidad que transcribió la catalogación BIBLIOTECA MUNICIPAL DEL CUSCO
082 ## - NÚMERO DE LA CLASIFICACIÓN DECIMAL DEWEY
No. de la edición 1ra. ed.
No. de Clasificación 327.47 /
Notacion interna M94
100 ## - ENTRADA PRINCIPAL--NOMBRE DE PERSONA
Nombre Personal Muñiz Ortega, Carlos
245 ## - MENCIÓN DE TÍTULO
Título La U.R.S.S y America Latina :
Resto del título 50 años de relaciiones diplomaticas y economicas /
Mención de responsabilidad Muñiz Ortega, Carlos
260 ## - PUBLICACIÓN, DISTRIBUCIÓN, ETC.
Lugar de publicación, distribución, etc. Lima - Peru:
Nombre de la editorial, distribuidor, etc. Francisco Moncloa Editores S.A. ,
Fecha de publicación, distribución, etc. 1968.
300 ## - DESCRIPCIÓN FÍSICA
Nº de Páginas Extensión 130 paginas :
Dimensiones 22 cm.
650 ## - PUNTO DE ACCESO ADICIONAL DE MATERIA--TÉRMINO DE MATERIA
Descriptor Entente Cordiale.
9 (RLIN) 4668
650 ## - PUNTO DE ACCESO ADICIONAL DE MATERIA--TÉRMINO DE MATERIA
Descriptor URSS.
9 (RLIN) 2690
650 ## - PUNTO DE ACCESO ADICIONAL DE MATERIA--TÉRMINO DE MATERIA
Descriptor Latinoamerica y Rusia.
9 (RLIN) 4669
700 ## - PUNTO DE ACCESO ADICIONAL--NOMBRE DE PERSONA
Nombre Personal Muñiz Ortega, Carlos
9 (RLIN) 4667
856 ## - LOCALIZACIÓN Y ACCESO ELECTRÓNICOS
Dirección electrónica Muñiz Ortega, Carlos
942 ## - ELEMENTOS DE PUNTO DE ACCESO ADICIONAL (KOHA)
Fuente de clasificación
Tipo de item Libros-BMC
945 ## - PROCESAMIENTO DE INFORMACIÓN LOCAL (OCLC)
Catalogador rtm
AAAA-MM-DD - Fecha de ingreso o modificacion 2019-02-26
Holdings
Estado de retiro (separado) Fuente de clasificación o esquema de estanterías Estado dañado Ubicación Sala donde se ubica Nombre de la colección Fecha de adquisición o compra Costo, precio normal en soles Signatura topográfica Código de Barras Última vez visto (Koha) Tipo de ítem (Koha)
No     Sala Humanidades Sala Humanidades Book Cart 2019-02-26 20.00 327.47 / M94 SH0000001277 2019-02-26 Libros-BMC

Powered by Koha